000
00300nam a22001457a 4500
003
SGT
020
_a
9789388778954
082
_a
339
_b
CHO
100
_a
CHOPRA P N
245
_a
MACRO ECONOMICS
250
_a
7
260
_a
DELHI
_b
KALYANI PUBLICATION
_c
2019
300
_a
34.24
942
_2
ddc
_c
BK
999
_c
25735
_d
25735